La fin et les moyens (Record no. 81762)

MARC details
000 -LEADER
campo de control de longitud fija 00670nam a2200205 i 4500
001 - NÚMERO DE CONTROL
campo de control 81762
003 - IDENTIFICADOR DE NÚMERO DE CONTROL
campo de control ES-MaACL
005 - FECHA Y HORA DE LA ÚLTIMA TRANSACCIÓN
campo de control 20230906174516.0
007 - CAMPO FIJO DE DESCRIPCIÓN FÍSICA--INFORMACIÓN GENERAL
campo de control de longitud fija t|
008 - DATOS DE LONGITUD FIJA--INFORMACIÓN GENERAL
campo de control de longitud fija 041105s1939 fr ||||1| fre d
100 1# - ENTRADA PRINCIPAL--NOMBRE DE PERSONA
Nombre de persona Huxley, Aldous,
Fechas asociadas al nombre 1894-1963
9 (RLIN) 64858
245 13 - MENCIÓN DEL TÍTULO
Título La fin et les moyens
Resto del título : enquete sur la nature des idéals et sur les méthodes /
Mención de responsabilidad, etc. Aldous Huxley ; traduit de l'anglais par Jules Castier.
260 ## - PUBLICACIÓN, DISTRIBUCIÓN, ETC.
Lugar de publicación, distribución, etc. Paris :
Nombre del editor, distribuidor, etc. Plon et Nourrit,
Fecha de publicación, distribución, etc. [1939]
300 ## - DESCRIPCIÓN FÍSICA
Extensión VII, 395 p. ;
Dimensiones 19 cm.
490 1# - MENCIÓN DE SERIE
Mención de serie Présences
700 1# - ENTRADA AGREGADA--NOMBRE PERSONAL
Nombre de persona Castier, Jules.
9 (RLIN) 36635
830 0# - PUNTO DE ACCESO ADICIONAL DE SERIE-TÍTULO UNIFORME
Título uniforme Présences
9 (RLIN) 182391
852 ## - LOCALIZACIÓN
Ubicación ES-MaACL
Número de control de estantería D-5058
Sublocalización o colección R.30958
Holdings
Estatus retirado Estado de pérdida Estado de daño No para préstamo Biblioteca de origen Biblioteca actual Ubicación en estantería Fecha de adquisición Fuente de adquisición Total de préstamos Signatura topográfica completa Código de barras Visto por última vez Precio de reemplazo Tipo de ítem Koha
        Biblioteca del Ateneo de Madrid Biblioteca del Ateneo de Madrid Sala Valle Inclán 17/01/2008     D-5058 901085459 23/02/2023 23/02/2023 Libro impreso